| 000 | 00926nam a22002417a 4500 | ||
|---|---|---|---|
| 005 | 20140903174916.0 | ||
| 008 | 130912s2012 xxu frn 001 0 eng | ||
| 020 | _a9780314275554 | ||
| 040 |
_aCO-BoUCM _cAngélica Rojas _dAldemar Mondragón |
||
| 041 | 0 | 0 | _aeng |
| 100 | 1 |
_aScalia, Antonin _944995 |
|
| 245 | 1 | 0 |
_aReading law the interpretation of legal texts _cAntonin Scalia y Bryan A. Garner |
| 260 |
_aSt. Paul, MN _bThomson/West _c2012 |
||
| 300 | _axxx, 567 páginas | ||
| 504 | _aIncluye referencias bibliográficas e índices | ||
| 650 | 7 |
_aDerecho _xFilosofía _930013 |
|
| 650 | 7 |
_aProcesos judiciales _zEstados Unidos _944997 |
|
| 690 | _aTeoría del derecho | ||
| 700 | 1 |
_aGarner, Bryan A. _945001 |
|
| 856 | 4 | 1 |
_3Consulte las tablas de contenido haciendo clic aquí _uhttp://www.loc.gov/catdir/toc/fy13pdf01/2012471126.html |
| 942 |
_a8 _cLIBRO _e1 _mS282r _2DEWEY _h340.1 |
||
| 999 |
_c172680 _d172680 |
||